Statistics for Germany Country Quiz

Click here to take the quiz!

General Stats

  • This quiz has been taken 578 times
    (534 since last reset)
  • The average score is 19 of 30

Answer Stats

Question Answer % Correct
Capital cityBerlin
98%
World's largest beer festivalOktoberfest
90%
European countries where German is official language spoken by majority besides GermanyAustria
89%
Held annually in city ofMunich
89%
Switzerland
88%
Barrier that divided Berlin from 1961 to 1989Berlin Wall
85%
Best-Selling car brandVolkswagen
84%
Capital of West GermanyBonn
84%
Bordering seasNorth Sea
84%
Famous ''deaf'' composerBeethoven
81%
Baltic Sea
79%
Former currencyDeutsche Mark (DEM)
77%
Big European river originating in GermanyDanube
75%
Year of reunification1990
75%
The most successful football clubBayern Munich
72%
Federal controlled-access highway systemAutobahn
72%
German word for emperorKaiser
67%
Liechtenstein
67%
Sort of prime ministerChancellor
64%
Gate and federated stateBrandenburg
63%
ParliamentBundestag
52%
English boys built reputation in Hamburg by playing rock musicThe Beatles
49%
Bayer's most popular medication world wideAspirin
42%
Scientist known for X-raysWilhelm Conrad Röntgen
39%
Official name of countryFederal republic of Germany
36%
The first nazi concentration campDachau
35%
Medieval king who made Aachen political centre of his empireCharlemagne
34%
The most common ''plastic'' car in East GermanyTrabant
32%
Composer of Carmina BuranaCarl Orff
18%
WWII favorite song of soldiers on the both side of the conflictLili Marleen
8%

Score Distribution

Percentile by Number Answered

Percent of People with Each Score

Your Score History

You have not taken this quiz since the last reset